Detroit Pistons Leaders of the Last 10 Years - Statistics

General Stats
  • This quiz has been taken 10 times
    4 since last reset
  • The average score is 33 of 50
Answer Stats
Stat # Answer % Correct
Steals 166 Ausar Thompson
100%
Blocks 99 Ausar Thompson
100%
Points 2861 Blake Griffin
100%
Rebounds 919 Blake Griffin
100%
Assists 693 Blake Griffin
100%
Points 4588 Cade Cunningham
100%
Rebounds 1121 Cade Cunningham
100%
Assists 1530 Cade Cunningham
100%
Steals 215 Cade Cunningham
100%
Blocks 125 Cade Cunningham
100%
Points 2631 Isaiah Stewart
100%
Rebounds 2177 Isaiah Stewart
100%
Blocks 337 Isaiah Stewart
100%
Points 2917 Jaden Ivey
100%
Assists 802 Jaden Ivey
100%
Points 2371 Jalen Duren
100%
Rebounds 2111 Jalen Duren
100%
Assists 431 Jalen Duren
100%
Blocks 195 Jalen Duren
100%
Points 5830 Andre Drummond
67%
Rebounds 5567 Andre Drummond
67%
Assists 644 Andre Drummond
67%
Steals 590 Andre Drummond
67%
Blocks 548 Andre Drummond
67%
Assists 559 Cory Joseph
67%
Steals 199 Kentavious Caldwell-Pope
67%
Points 4366 Reggie Jackson
67%
Rebounds 749 Reggie Jackson
67%
Assists 1416 Reggie Jackson
67%
Steals 184 Reggie Jackson
67%
Points 3638 Tobias Harris
67%
Rebounds 1260 Tobias Harris
67%
Assists 468 Tobias Harris
67%
Steals 186 Tobias Harris
67%
Blocks 123 Tobias Harris
67%
Assists 981 Ish Smith
33%
Steals 153 Ish Smith
33%
Blocks 107 Jerami Grant
33%
Assists 1090 Killian Hayes
33%
Steals 245 Killian Hayes
33%
Blocks 93 Killian Hayes
33%
Points 2236 Marcus Morris
33%
Rebounds 770 Marcus Morris
33%
Points 2949 Saddiq Bey
33%
Rebounds 1001 Saddiq Bey
33%
Steals 175 Saddiq Bey
33%
Blocks 91 Aron Baynes
0%
Rebounds 922 Stanley Johnson
0%
Steals 254 Stanley Johnson
0%
Blocks 72 Thon Maker
0%
No matching quizzes found
Score Distribution
Percent of People with Each Score
Percentile by Number Answered
Your Score History
You have not taken this quiz since the last reset